000 00383nam a2200157Ia 4500
008 230711s9999||||xx |||||||||||||| ||und||
041 _aENG
082 _a720
_bPI-A
100 _aPickard,Quentin
245 4 _aThe architects handbook
250 _a1st Ed.
260 _c2002
_aNew Delhi
_bBlackwell Scientific Publications
300 _a454
650 _aArchitecture
942 _cBK
999 _c4181
_d4181